000 00313nam a2200145 i 4500
001 bg
100 1 _aCHILL, Ricard
245 0 _aPo sledam Ĩastic /
_cR. Chill.
260 _aMoskva,
_c1966.
040 _cBPK
041 _apol
080 _a539.12
942 _cKS
008 s pl f |000 0 pol
999 _c12800
_d12800
856 _uhttp://koha.tu.koszalin.pl/cgi-bin/koha/opac-detail.pl?biblionumber=12800
_yKatalog online BPK